[Event "10th Parsvnath Open"]
[Site "New Delhi IND"]
[Date "2012.01.22"]
[Round "10.43"]
[White "Joshi,GB"]
[Black "Santanu,B"]
[Result "0-1"]
[WhiteElo "2256"]
[BlackElo "2112"]

1.Nf3 d5 2.d4 Nf6 3.c4 e6 4.g3 Be7 5.Bg2 O-O 6.O-O dxc4 7.Qc2 a6 8.Qxc4 b5
9.Qc2 Bb7 10.Bd2 Be4 11.Qc1 Nbd7 12.Ba5 Rc8 13.Nbd2 Ba8 14.Rd1 Qe8 15.b4 Bd6
16.Qb2 e5 17.e3 e4 18.Ne1 Qe6 19.Rac1 Bd5 20.Rc2 h5 21.Nb3 c6 22.Bf1 Nh7
23.Bg2 h4 24.Nd2 f5 25.Nf1 Qg6 26.f4 hxg3 27.Nxg3 Qg4 28.Qc1 g5 29.Nd3 Rce8
30.Ne5 Bxe5 31.dxe5 gxf4 32.exf4 Nxe5 33.fxe5 f4 34.Bc7 Ng5 35.e6 Rxe6 36.Kh1 f3
37.Rf2 e3  0-1

[Event "Gibraltar Open"]
[Site "Caleta ENG"]
[Date "2012.01.24"]
[Round "1.15"]
[White "Short,N"]
[Black "Melia,S"]
[Result "1-0"]
[WhiteElo "2677"]
[BlackElo "2398"]

1.d4 d5 2.Nf3 Nf6 3.c4 e6 4.g3 Be7 5.Bg2 O-O 6.Qc2 dxc4 7.Qxc4 a6 8.Bf4 Nd5
9.Nc3 b5 10.Qd3 Bb7 11.Nxd5 Bxd5 12.Rc1 Ra7 13.O-O Nc6 14.e4 Bc4 15.Rxc4 bxc4
16.Qxc4 Qd7 17.Rc1 Na5 18.Qc3 Qa4 19.Bd2 Nb7 20.Qxc7 Bd8 21.Qc6 Qxc6 22.Rxc6 Na5
23.Rc5 Nb7 24.Rc6 Na5 25.Rc3 Rb7 26.b3 Be7 27.Rc2 Bb4 28.Bf4 h6 29.Bf1 Ra8
30.Ne5 Bd6 31.Bd2 Rc7 32.Nc4 Nxc4 33.Bxc4 a5 34.a4 Be7 35.Kf1 Rd7 36.d5 exd5
37.Bxd5 Raa7 38.Ke2 Rd8 39.f4 Kf8 40.g4 Rb8 41.Rc6 Bd8 42.Rc5 Bb6 43.Rb5 Bc7
44.Be3 Ra6 45.h4 Rg6 46.Kf3 Rf6 47.e5 Ra6 48.h5 g6 49.Ke4 gxh5 50.gxh5 Rab6
51.Bxb6 Rxb6 52.Rc5 Bd8 53.Bc4 Rb8 54.f5 f6 55.exf6  1-0

[Event "Gibraltar Open"]
[Site "Caleta ENG"]
[Date "2012.01.24"]
[Round "1.41"]
[White "Adrian,C"]
[Black "Del Rio de Angelis,S"]
[Result "0-1"]
[WhiteElo "2271"]
[BlackElo "2531"]

1.c4 e6 2.Nf3 Nf6 3.g3 d5 4.d4 Be7 5.Bg2 O-O 6.O-O c6 7.Nc3 Nbd7 8.Qd3 b6
9.Rd1 Ba6 10.b3 c5 11.e4 dxc4 12.bxc4 cxd4 13.Qxd4 Bc5 14.Qd3 Ng4 15.Be3 Bxe3
16.fxe3 Nde5 17.Qe2 Qe7 18.Nb5 Rac8 19.Rac1 Rxc4 20.Rxc4 Bxb5 21.Nxe5 Nxe5
22.Qb2 Nxc4 23.Qxb5 Nxe3 24.Rd7 Qa3 25.Qb3 Qc1+ 26.Kf2 Ng4+ 27.Ke2 Qg1 28.Qf3 Ne5  0-1

[Event "Gibraltar Open"]
[Site "Caleta ENG"]
[Date "2012.01.24"]
[Round "1.109"]
[White "Attwood,J"]
[Black "Forsa,E"]
[Result "1-0"]
[WhiteElo "2072"]
[BlackElo "1770"]

1.d4 d5 2.c4 e6 3.Nf3 Be7 4.g3 Nf6 5.Bg2 O-O 6.O-O b6 7.Qc2 Nbd7 8.Ne5 Bb7
9.cxd5 Nxd5 10.Nc6 Bxc6 11.Qxc6 N7f6 12.a3 Qd6 13.Qc2 c5 14.e4 cxd4 15.exd5 Nxd5
16.Nd2 e5 17.Re1 f5 18.Nc4 Qc6 19.Rxe5 Rad8 20.Qb3 Bf6 21.Rxd5 Rxd5 22.Nxb6 Qxb6
23.Bxd5+ Kh8 24.Qxb6 axb6 25.Bc4 Re8 26.Kf1 Rc8 27.Bd3 Rd8 28.Bd2 h6 29.Rc1 g5
30.Rc6  1-0

[Event "11th Marienbad Open"]
[Site "Marianske Lazne CZE"]
[Date "2012.01.25"]
[Round "6"]
[White "Bartos,J"]
[Black "Fox,An"]
[Result "1/2-1/2"]
[WhiteElo "2231"]
[BlackElo "2077"]

1.d4 d5 2.c4 e6 3.Nf3 Nf6 4.g3 Be7 5.Bg2 O-O 6.O-O dxc4 7.Ne5 Nc6 8.Bxc6 bxc6
9.Nxc6 Qe8 10.Nxe7+ Qxe7 11.Qa4 a5 12.Qxc4 Ba6 13.Qc2 Rfd8 14.Rd1 c5 15.dxc5 Rxd1+
16.Qxd1 Qxc5 17.Be3 Qh5 18.f3 Qb5 19.b3 Nd5 20.Bf2 Qxe2 21.Qxe2 Bxe2 22.f4 a4
23.bxa4 Rxa4 24.Nd2 h6 25.Bc5 Bd3 26.a3 f6 27.Re1  1/2-1/2

[Event "74th Tata Steel GMB"]
[Site "Wijk aan Zee NED"]
[Date "2012.01.25"]
[Round "10"]
[White "Harikrishna,P"]
[Black "Vocaturo,D"]
[Result "1-0"]
[WhiteElo "2665"]
[BlackElo "2545"]

1.Nf3 Nf6 2.c4 e6 3.g3 d5 4.Bg2 Be7 5.d4 c6 6.O-O Nbd7 7.Qc2 b6 8.Rd1 Ba6
9.b3 Rc8 10.Nbd2 c5 11.e4 cxd4 12.exd5 exd5 13.Nxd4 O-O 14.Nf1 b5 15.Ne3 bxc4
16.Nxd5 Nxd5 17.Bxd5 cxb3 18.Qxb3 Nc5 19.Qf3 Bf6 20.Rb1 Bd3 21.Nc6 Qd7 22.Rxd3 Nxd3
23.Ba3 Rfe8 24.Qxd3 Rxc6 25.Qb5 Rec8 26.Bxc6 Rxc6 27.Qxc6  1-0

[Event "Gibraltar Open"]
[Site "Caleta ENG"]
[Date "2012.01.26"]
[Round "3.8"]
[White "Sasikiran,K"]
[Black "David,Alb"]
[Result "1/2-1/2"]
[WhiteElo "2700"]
[BlackElo "2598"]

1.d4 Nf6 2.c4 e6 3.g3 d5 4.Bg2 Be7 5.Nf3 O-O 6.O-O dxc4 7.Qc2 b5 8.a4 b4
9.Nbd2 Bb7 10.Rd1 Nbd7 11.Nxc4 c5 12.Bf4 Be4 13.Qb3 cxd4 14.Rxd4 Bc5 15.Rdd1 Bd5
16.Ne1 Rc8 17.Bxd5 Nxd5 18.Nd3 Qf6 19.Bd6 Bxd6 20.Nxd6 Rc6 21.Nb7 Ne5 22.Na5 Nxd3
23.Qxd3 Rc5 24.Nb3 Rc7 25.Rab1 h5 26.a5 Rfc8 27.Qd4 Qg6 28.Qd3 Qg4 29.Rdc1 Qg5
30.Rxc7 Rxc7 31.Rd1 Qg4 32.Nd4 Rc8 33.Qa6 Rc7 34.Qd6 Qe4 35.Nxe6 fxe6 36.Rxd5 exd5
37.Qxc7 Qb1+ 38.Kg2 Qe4+ 39.Kg1 Qb1+ 40.Kg2  1/2-1/2

[Event "Gibraltar Open"]
[Site "Caleta ENG"]
[Date "2012.01.26"]
[Round "3.32"]
[White "Sanchez,Lo"]
[Black "Del Rio de Angelis,S"]
[Result "1/2-1/2"]
[WhiteElo "2261"]
[BlackElo "2531"]

1.Nf3 d5 2.d4 Nf6 3.c4 e6 4.g3 Be7 5.Bg2 O-O 6.O-O c6 7.Qc2 b6 8.Rd1 Nbd7
9.Nc3 Ba6 10.Ne5 Rc8 11.Qa4 Nb8 12.cxd5 cxd5 13.Bg5 b5 14.Nxb5 Qb6 15.Nc3 Qxb2
16.Bd2 Rxc3 17.Bxc3 Qxc3 18.e3 Rc8 19.Bf1 Bxf1 20.Kxf1 Ne4 21.Rac1 Qxc1 22.Rxc1 Rxc1+
23.Kg2 Kf8 24.Qxa7 Rc8 25.a4 Ke8 26.a5 f6 27.Nd3 Nc6 28.Qb6 Kd7 29.a6 Rc7
30.Qb2 Bd6 31.f3 Ng5 32.h4 Nf7 33.e4 Nh6 34.Qb5 dxe4 35.fxe4 Kd8 36.d5 exd5
37.Qxd5 Ke7 38.Nf4 Bxf4 39.gxf4 Na7 40.e5 fxe5 41.Qxe5+ Kd8 42.Qe4 g6 43.h5 Nf5
44.hxg6 hxg6 45.Qe6 Ne7 46.Qd6+ Kc8 47.Kh3 Nac6 48.Kg4 Ra7 49.Qd3 Kc7  1/2-1/2

[Event "Moscow Open 2012 A"]
[Site "Moscow RUS"]
[Date "2012.01.28"]
[Round "1.82"]
[White "Mishuchkov,N"]
[Black "Geivondian,Arman"]
[Result "1-0"]
[WhiteElo "2418"]
[BlackElo "2108"]

1.Nf3 Nf6 2.d4 d5 3.c4 e6 4.g3 Be7 5.Bg2 O-O 6.O-O dxc4 7.Qa4 a6 8.Qxc4 b5
9.Qc2 Bb7 10.Bg5 Nd5 11.Bxe7 Qxe7 12.Nbd2 Nb4 13.Qc1 Rc8 14.a3 Nd5 15.Nb3 Nd7
16.Na5 Rab8 17.b4 Ba8 18.Qb2 N5b6 19.Rac1 Bd5 20.Nd2 Qe8 21.e4 Ba8 22.Ndb3 Na4
23.Qd2 Nf6 24.Qf4 Qe7 25.Rc2 Rb6 26.Rfc1 Ne8 27.h4 Rbb8 28.Nc6 Bxc6 29.Rxc6 Rb6
30.R6c2 Nd6 31.Na5 Qd7 32.e5 Nf5 33.Nc6 Rxc6 34.Bxc6 Qxd4 35.Rd2 Qxf4 36.gxf4 Nxh4
37.Bb7 Rb8 38.Rxc7 Nb6 39.Rdc2 h5 40.Bxa6 Nf3+ 41.Kf1 Nc4 42.Rd7 g5 43.fxg5 Nfxe5
44.Rc7 Rb6 45.Bb7 Nd6 46.Bg2 Nec4 47.a4 bxa4 48.R7xc4 Nxc4 49.Rxc4 a3 50.Bf3 a2
51.Rc8+ Kg7 52.Ra8 Rxb4 53.Rxa2 Rb1+ 54.Ke2 Rb5 55.Bxh5 Rxg5 56.Bf3 Re5+
57.Kf1 Kg6 58.Ra8 Rc5 59.Rg8+ Kf5 60.Rf8 f6 61.Be2 Ke5 62.Rb8 Rc1+ 63.Kg2 Kf5
64.Bd3+ Ke5 65.Rb5+ Kf4 66.Rb4+ Ke5 67.Bc4 Kf5 68.Ra4 Rc3 69.Kf1 e5 70.Bd5 Kg5
71.Ke2 Rc5 72.Bb3 f5 73.Rc4 Rb5 74.Rc3 Ra5 75.Kf3 Ra1 76.Rc5 Re1 77.Be6 Kf6
78.Bc8 Ra1 79.Rc6+ Kg5 80.Rc7 Ra3+ 81.Kg2 Ra5 82.Bd7 Kf4 83.Rb7 Ra1 84.Rb4+ Kg5
85.Rb5 Re1 86.Ra5 Kf4 87.Ra4+ Kg5 88.Ra3 Rd1 89.Rg3+ Kf6 90.Bc8 Rd8 91.Rc3 Kg5
92.Kf3 Rd1 93.Ke2 Rd8 94.Rc7 Rf8 95.Be6 Kf6 96.Bb3 Rb8 97.Rc6+ Kg5 98.Be6 Rf8
99.Rc7 Kf6 100.Rc8 Rxc8 101.Bxc8 e4 102.Ba6 Ke5 103.Kd2 Kd4 104.Kc2 f4 105.Bf1 Ke5
106.Kc3 Kd5 107.Ba6 Ke5 108.Bc4 Kf5 109.Kd4 e3 110.f3 Kg5 111.Ke4  1-0

[Event "80th ch-St Petersburg SF w"]
[Site "St Petersburg RUS"]
[Date "2012.01.28"]
[Round "1.8"]
[White "Petrochenko,Maria"]
[Black "Tskhadadze,A"]
[Result "0-1"]
[WhiteElo "1585"]
[BlackElo "1842"]

1.d4 d5 2.c4 e6 3.Nf3 Nf6 4.g3 Be7 5.Bg2 O-O 6.Qc2 Nbd7 7.O-O b6 8.Nbd2 Bb7
9.b3 Rc8 10.Ne5 Nxe5 11.dxe5 Nd7 12.Bb2 c5 13.Rfd1 Qc7 14.f4 Rfd8 15.Rac1 a6
16.a4 Bc6 17.Ba3 b5 18.axb5 axb5 19.Ra1 Nb6 20.cxb5 Bxb5 21.e3 c4 22.Bxe7 Qxe7
23.Rdc1 Qb4 24.bxc4 dxc4 25.Ne4 Ba4 26.Qc3 Qxc3 27.Nxc3 Bb3 28.Ra6 Nd7 29.Ne4 Nc5
30.Nxc5 Rxc5 31.Rd6 Rcc8 32.Rxd8+ Rxd8 33.Bf1 Rc8 34.Rc3 Kf8 35.Kf2 Ke7 36.e4 Kd7
37.Ke3 Ke7 38.Be2 g6 39.Kd4 Rd8+ 40.Ke3 Rc8 41.Kd2 Rc5 42.Ke3 Rc8 43.Kd2 Kf8
44.h4 h5 45.Rc1 Ke7 46.Kc3 Ra8 47.Kd4 Rd8+ 48.Ke3 Rc8 49.Rc3 Kf8 50.Kf3 Kg7
51.g4 hxg4+ 52.Kxg4 Ba2 53.Kg5 Rd8 54.Kg4 Kh6 55.Kf3 Rb8 56.Rc2 Bb3 57.Rc3 Rc8
58.Ke3 Ra8 59.Kf3 Ba2 60.Rc2 Ra3+ 61.Kg2 c3 62.Bd1 Bb3 63.Rc1 Bxd1 64.Rxd1 c2
65.Rc1 Rc3  0-1

[Event "Gibraltar Open"]
[Site "Caleta ENG"]
[Date "2012.01.29"]
[Round "6.91"]
[White "Mihajlov,Sebastian"]
[Black "Daoudi,K"]
[Result "1-0"]
[WhiteElo "1974"]
[BlackElo "2165"]

1.d4 Nf6 2.c4 e6 3.Nf3 d5 4.g3 Be7 5.Bg2 O-O 6.cxd5 exd5 7.Nc3 c5 8.O-O h6
9.h3 Nc6 10.e3 Be6 11.dxc5 Bxc5 12.a3 Qd7 13.Kh2 Rad8 14.b4 Bb6 15.Na4 Bc7
16.Nc5 Qe7 17.Bb2 Ne4 18.Rc1 Bd6 19.Nxe4 dxe4 20.Nd4 f5 21.Rxc6 bxc6 22.Nxc6 Qg5
23.Nxd8 Rxd8 24.Qa1 Bc4 25.Rc1 Ba6 26.Be5 Bf8 27.Qa2+ Kh7 28.Qf7 Be2 29.Rc7 Bh5
30.Qe6 Rd2 31.Rc8 Rxf2 32.Rxf8 Bf3 33.Qg8+ Kg6 34.Qxg7+ Kh5 35.Qf7+ Qg6 36.g4+  1-0

[Event "Gibraltar Open"]
[Site "Caleta ENG"]
[Date "2012.01.29"]
[Round "6.40"]
[White "Javakhishvili,L"]
[Black "Al Tamimi,H"]
[Result "1/2-1/2"]
[WhiteElo "2454"]
[BlackElo "2237"]

1.c4 e6 2.Nf3 d5 3.g3 Nf6 4.Bg2 Be7 5.d4 O-O 6.O-O c6 7.Qc2 Nbd7 8.Nbd2 b6
9.e4 Bb7 10.e5 Ne8 11.cxd5 cxd5 12.Re1 Rc8 13.Qa4 Bc6 14.Qd1 Bb5 15.Nf1 Nb8
16.h4 Nc6 17.a3 Qd7 18.Ng5 Na5 19.Re3 Rc4 20.Nh2 Ba4 21.b3 Bxg5 22.hxg5 Nxb3
23.Rxb3 Rc3 24.Qh5 Bxb3 25.Bd2 Qc7 26.Ng4 Bc2 27.Ne3 Bg6 28.Qe2 Rc6 29.f4 a5
30.g4 Be4 31.f5 Qd7 32.f6 Nc7 33.fxg7 Rc8 34.g6 Bxg6 35.g5 Ne8 36.Qg4 R6c7
37.Qf4 Qb5 38.Bh3 Qb2 39.Rd1 Rc1 40.Bxc1 Rxc1 41.Bxe6 Nxg7 42.Bxd5 Nh5 43.Qf2 Rxd1+
44.Nxd1 Qxa3 45.e6 Qe7 46.Qe3 fxe6 47.Qe5 Ng7 48.Ne3 Bf5 49.Nxf5 Qxg5+ 50.Kf2 Qd2+
51.Kf3 Qd1+ 52.Kf2 Qd2+ 53.Kf3 Qd1+  1/2-1/2

[Event "ch-TUR 2012"]
[Site "Kemer TUR"]
[Date "2012.01.29"]
[Round "1"]
[White "Can,E"]
[Black "Unal,Onur"]
[Result "1-0"]
[WhiteElo "2462"]
[BlackElo "1750"]

1.d4 d5 2.Nf3 Nf6 3.c4 e6 4.g3 Be7 5.Bg2 O-O 6.O-O Nbd7 7.Qc2 b6 8.cxd5 exd5
9.Ne5 c5 10.Nc6 Qe8 11.Nc3 Bb7 12.Nxd5 Bxc6 13.Nxe7+ Qxe7 14.Bxc6 Rac8 15.Bb7 Rc7
16.Bf3 Rcc8 17.dxc5 Rxc5 18.Qb3 Ne5 19.Bg2 Rfc8 20.Bf4 Nc4 21.Rfe1 g5 22.Bc1 Ne4
23.Qd3 Nf6 24.b3 Rd8 25.Qb1 Nd2 26.Qb2 Nde4 27.Be3 Rcd5 28.Qc2 Re5 29.Rad1 Rxd1
30.Rxd1 Ng4 31.Qc8+ Kg7 32.Qxg4 f5 33.Qh5  1-0

[Event "ch-TUR 2012"]
[Site "Kemer TUR"]
[Date "2012.01.29"]
[Round "2"]
[White "Zor,Alber Kadir"]
[Black "Metin,M"]
[Result "0-1"]
[WhiteElo "1879"]
[BlackElo "2187"]

1.d4 Nf6 2.c4 e6 3.g3 Be7 4.Bg2 d5 5.Nf3 O-O 6.O-O dxc4 7.Qc2 a6 8.a4 Nbd7
9.Qxc4 Nb6 10.Qc2 Bd7 11.Nc3 Nbd5 12.e4 Nb4 13.Qe2 c5 14.Rd1 cxd4 15.Rxd4 Bc5
16.Rd1 Ng4 17.Rf1 Qb6 18.h3 Nxf2 19.Rxf2 Rac8 20.Nd1 Bxf2+ 21.Qxf2 Qxf2+
22.Nxf2 Nc2 23.Rb1 Bxa4 24.Bd2 Bb3 25.Bf1 Rfd8 26.Rc1 f6 27.Ba5 Re8 28.Bd2 e5
29.Bd3 b5 30.Kf1 Bc4 31.Ke2 Nd4+ 32.Ke3 Bxd3 33.Nxd3 Nb3 34.Rxc8 Rxc8 35.Bc3 a5
36.Nd2 Nxd2 37.Bxd2 b4 38.Ne1 h5 39.Kd3 Rd8+ 40.Ke3 Kf7 41.Nd3 Rc8 42.Ne1 g6
43.Kd3 Rd8+ 44.Ke3 Ke6 45.Nf3 Kd6 46.Kd3 Kc5+ 47.Kc2 a4 48.Nh4 Kc4 49.Be1 b3+
50.Kc1 Kd3  0-1

[Event "Gibraltar Open"]
[Site "Caleta ENG"]
[Date "2012.01.30"]
[Round "7.93"]
[White "Peredy,F"]
[Black "Bihi,M"]
[Result "1/2-1/2"]
[WhiteElo "2180"]
[BlackElo "1919"]

1.d4 Nf6 2.c4 e6 3.g3 d5 4.Nf3 Be7 5.Bg2 O-O 6.O-O c6 7.Qc2 Nbd7 8.Rd1 Re8
9.b3 Ne4 10.Bb2 Bd6 11.Ne5 f5 12.f3 Nxe5 13.dxe5 Qb6+ 14.Bd4 Bc5 15.e3 Bxd4
16.exd4 Ng5 17.Nc3 Qd8 18.Ne2 Bd7 19.Rac1 Rc8 20.Qd2 Qe7 21.Rc3 Rf8 22.Rdc1 Nf7
23.Nf4 Nh8 24.Bf1 Qg5 25.Qe3 Ng6 26.Kf2 Nxf4 27.Qxf4 Qxf4 28.gxf4 Rcd8 29.Ke3 Rf7
30.a4 a5 31.c5 Ra8 32.Rb1 Rff8 33.b4 axb4 34.Rxb4 Rfb8 35.Be2 Ra7 36.Bd1 Bc8
37.Rcb3 Rba8 38.Rb2 Ra6 39.Kd3 Ra5 40.Rb6 R5a6 41.Kc3 Rxb6 42.Rxb6 Kf8 43.Kb4 Ra7
44.a5 Ke7 45.a6 Kd7 46.Be2 Kc7  1/2-1/2

[Event "Moscow Open 2012 A"]
[Site "Moscow RUS"]
[Date "2012.01.30"]
[Round "3.61"]
[White "Cori T.,D"]
[Black "Rozanov,P"]
[Result "1-0"]
[WhiteElo "2415"]
[BlackElo "2223"]

1.d4 d5 2.Nf3 Nf6 3.c4 e6 4.g3 Be7 5.Bg2 O-O 6.O-O dxc4 7.Qc2 a6 8.a4 Bd7
9.Qxc4 Bc6 10.Nc3 a5 11.Bf4 Na6 12.Rfd1 h6 13.Ne1 Bxg2 14.Nxg2 c6 15.e4 Nb4
16.Qe2 Re8 17.h4 Qb6 18.Rac1 Qa6 19.Qf3 Rad8 20.e5 Nfd5 21.Ne4 f5 22.exf6 Nxf6
23.Bxh6 Nxe4 24.Qxe4 Bf6 25.Bg5 Nd5 26.Qg4 Qb6 27.h5 Qc7 28.Nh4 Bxg5 29.Qxg5 Qe7
30.Qd2 Qf7 31.h6 g6 32.Kg2 Rf8 33.Rh1 Ne7 34.Qe3 Nf5 35.h7+ Kg7 36.Qe5+ Qf6
37.Nf3 Kh8 38.Rcd1 Rd7 39.g4 Ne7 40.Qxf6+ Rxf6 41.Ne5 Rd8 42.Rh6 Kg7 43.Rdh1 Rh8
44.R6h3 Nd5 45.Rb3 Nb4 46.Nd7 Rf7 47.Nc5 Re7 48.Re1 Rhe8 49.Rh3 Kh8 50.Rh6 b6
51.Ne4 Kg7 52.Rh2 Rh8 53.Ng5 Kf6 54.Ne4+ Kg7 55.Reh1 Nc2 56.g5 Nxd4 57.Nf6 e5
58.Kg3 Ne6 59.Kg4 Nc5 60.Re1 Nd3 61.Re2 Nc5 62.f3 Kf7 63.Rd2 Ke6 64.Rh6 Rg7
65.Nh5 Rgxh7 66.Rxg6+ Ke7 67.Rg7+ Rxg7 68.Nxg7 Rh1 69.Nf5+ Kf7 70.Rd6 Rg1+  1-0

[Event "ch-TUR 2012"]
[Site "Kemer TUR"]
[Date "2012.01.31"]
[Round "4"]
[White "Dogan,N"]
[Black "Demircin,K"]
[Result "1-0"]
[WhiteElo "2124"]
[BlackElo "1833"]

1.d4 Nf6 2.c4 e6 3.g3 Be7 4.Bg2 d5 5.Nf3 O-O 6.O-O c6 7.Qc2 Ne4 8.Nc3 f5
9.Ne5 Nd7 10.Nxe4 fxe4 11.Nxd7 Bxd7 12.f3 exf3 13.Bxf3 Bf6 14.Be3 Kh8 15.Rad1 Qa5
16.b3 b5 17.Bf2 Be8 18.e4 Bg6 19.Qe2 bxc4 20.bxc4 dxe4 21.Bxe4 Bxe4 22.Qxe4 Qxa2
23.Qxe6 Rac8 24.Ra1 Qb2 25.Rfb1 Qc3 26.Rc1 Qb2 27.Rab1 Qa2 28.Rb7 a5 29.Re1 Qd2
30.Re2 Qd1+ 31.Re1 Qd2 32.Qe2 Qc3 33.Rd7 Rb8 34.Qe6 Qd2 35.Re2 Qd3 36.Kg2 h6
37.Re3 Qd1 38.Re1 Qd3 39.Re3 Qd1 40.Re1 Qd2 41.Re2 Qd1 42.d5 cxd5 43.Rxd5 Qb1
44.Rxa5 Bd4 45.Raa2 Rbe8 46.Qxe8 Rxe8 47.Rxe8+ Kh7 48.Rae2 Qb7+ 49.R8e4 Bf6
50.Kg1 h5 51.Bd4 Bxd4+ 52.Rxd4 Qf3 53.Rde4 Qc3 54.Kg2 Kh6 55.h4 g6 56.Rf4 Qd3
57.Rfe4 Qc3 58.Kf2 Qc1 59.Rd4 Qc3 60.Rf4 Qc1 61.Re3 Qd2+ 62.Kf3 Qc2 63.Rfe4 Qd1+
64.Re2 Qd3+ 65.Kf2 Qc3 66.Kg2 Qc1 67.Re1 Qc3 68.Kh3 Qc2 69.Rf4 Qd2 70.Rg1 Qe3
71.Kh2 Kg7 72.Rg2 Kh6 73.Rc2 Qd3 74.Rff2 g5 75.Rfd2 Qe4 76.Re2 Qd3 77.Red2 Qe4
78.hxg5+ Kxg5 79.Rd5+ Kf6 80.Rf2+ Kg6 81.Rd6+ Kg5 82.Rdf6 Qe3 83.Kh3 Qc5
84.R2f5+ Qxf5+ 85.Rxf5+ Kxf5 86.Kh4  1-0

[Event "Gibraltar Open"]
[Site "Caleta ENG"]
[Date "2012.02.01"]
[Round "9.33"]
[White "El Debs,F"]
[Black "Valhondo Morales,R"]
[Result "1-0"]
[WhiteElo "2497"]
[BlackElo "2046"]

1.Nf3 Nf6 2.c4 e6 3.g3 d5 4.d4 Be7 5.Bg2 O-O 6.O-O dxc4 7.Qc2 b5 8.a4 b4
9.Qxc4 Ba6 10.Qc2 Nbd7 11.Ne5 Nxe5 12.Bxa8 Qxd4 13.Bg2 c5 14.Rd1 Qg4 15.f3 Qh5
16.g4 Qh4 17.Bf4 Nc6 18.Bg3 Qh6 19.g5 Qxg5 20.f4 Qg4 21.Bxc6 Nd5 22.Bxd5 exd5
23.Rxd5 Bf6 24.Nd2 Bxe2 25.Qf5 Qxf5 26.Rxf5 Bxb2 27.Re1 Bg4 28.Rxc5 Bd4+
29.Bf2 Bxc5 30.Bxc5 Rb8 31.Bxa7 Rc8 32.Rb1 h5 33.Rxb4 Rc1+ 34.Kf2 Rc2 35.Rd4 Ra2
36.Bb6 Ra3 37.a5 Kh7 38.Ne4 Kg6 39.Nc5 h4 40.a6 Ra2+ 41.Ke3 Rxh2 42.a7 Re2+
43.Kd3 Ra2 44.Ra4 Rxa4 45.Nxa4 Bf3 46.Ke3 Bc6 47.Bc7 h3 48.Kf2 h2 49.f5+ Kxf5
50.Bxh2 Kg4 51.Nb6 f5 52.Be5 g5 53.a8=Q Bxa8 54.Nxa8 f4 55.Nb6 Kf5 56.Bb8 Ke4
57.Nd7 Kf5 58.Ne5 g4 59.Nd3 f3 60.Kg3 Ke4 61.Nf2+ Kf5 62.Bf4 Kf6 63.Kxg4 Ke6
64.Kxf3 Kd5 65.Ke3 Kc5 66.Ke4 Kc4 67.Be3 Kb5 68.Kd5  1-0

[Event "ch-TUR 2012"]
[Site "Kemer TUR"]
[Date "2012.02.01"]
[Round "6.23"]
[White "Kanmazalp,O"]
[Black "Ersoz,B"]
[Result "1-0"]
[WhiteElo "2397"]
[BlackElo "1938"]

1.d4 d5 2.Nf3 Nf6 3.c4 e6 4.g3 Be7 5.Bg2 O-O 6.O-O Nbd7 7.Qc2 Re8 8.Nc3 h6
9.e4 dxe4 10.Nxe4 Nxe4 11.Qxe4 c5 12.Rd1 Nf6 13.Qe2 cxd4 14.Nxd4 Qb6 15.Nb5 a6
16.Be3 Qa5 17.Nd6 Bxd6 18.Rxd6 e5 19.Bxh6 Qb4 20.Qd2 Qxd2 21.Bxd2 Rb8 22.Be3 Bf5
23.Rad1 Rec8 24.Ba7 Ra8 25.Bxb7 Ne8 26.Rxa6  1-0

[Event "Moscow Open 2012 A"]
[Site "Moscow RUS"]
[Date "2012.02.01"]
[Round "5.58"]
[White "Borisenko,An"]
[Black "Myshkin,N"]
[Result "1-0"]
[WhiteElo "2386"]
[BlackElo "2268"]

1.d4 Nf6 2.c4 e6 3.g3 d5 4.Bg2 Be7 5.Nf3 O-O 6.O-O c6 7.Nc3 Nbd7 8.Qd3 b6
9.cxd5 exd5 10.Bf4 Bb7 11.Rac1 Re8 12.Rfd1 Bf8 13.Ne5 Nh5 14.Qf5 Nxe5 15.dxe5 g6
16.Qd3 g5 17.Qf5 h6 18.Be3 Ng7 19.Qc2 Qe7 20.f4 Rad8 21.Bf2 f5 22.a3 Qf7
23.b4 Ne6 24.e3 Ng7 25.Qb3 Bc8 26.Ne2 Ba6 27.Nd4 Bc4 28.Qa4 c5 29.bxc5 Bxc5
30.Nc6 Rd7 31.e6 Rxe6 32.Ne5 Rxe5 33.fxe5 b5 34.Qa6 Bb6 35.a4 Ne6 36.axb5 Nc5
37.Qc8+ Rd8 38.Qc6 Nb3 39.Rxc4 Na5 40.Qxh6 Nxc4 41.Qxg5+ Kf8 42.Qh6+ Qg7
43.Qxg7+ Kxg7 44.Rxd5 Rxd5 45.Bxd5 Nxe3 46.Be6 Kg6 47.h3 Bd4 48.Bd7 Kg5 49.Kh1 Bb6
50.Be1 Bd4 51.e6 Kf6 52.Bb4 Nd5 53.Bd6 Be3 54.Kg2 f4 55.g4 Bb6 56.Kf3 Bd8
57.h4  1-0

[Event "Moscow Open 2012 A"]
[Site "Moscow RUS"]
[Date "2012.02.01"]
[Round "5.84"]
[White "Mikheev,S"]
[Black "Egorov,K"]
[Result "1-0"]
[WhiteElo "2259"]
[BlackElo "2084"]

1.d4 Nf6 2.c4 e6 3.Nf3 d5 4.g3 Be7 5.Bg2 O-O 6.O-O dxc4 7.Qc2 a6 8.Qxc4 b5
9.Qc2 Bb7 10.Bd2 Nbd7 11.Ba5 Rc8 12.Nbd2 Qe8 13.b4 Bd6 14.e4 e5 15.Rfe1 Qe7
16.a3 Rfe8 17.Bh3 Qf8 18.Rad1 exd4 19.e5 Bxe5 20.Nxe5 Rxe5 21.Rxe5 Nxe5 22.Bxc8 Bxc8
23.Qxc7 Ng6 24.Nb3 Nd5 25.Qd8 Nc3 26.Re1 Qxd8 27.Bxd8 Be6 28.Nxd4 Nf8 29.Rc1 Nd5
30.Rc6  1-0

[Event "ch-TUR 2012"]
[Site "Kemer TUR"]
[Date "2012.02.02"]
[Round "7"]
[White "Gurel,A"]
[Black "Zor,Alber Kadir"]
[Result "0-1"]
[WhiteElo "2004"]
[BlackElo "1879"]

1.Nf3 d5 2.c4 e6 3.g3 Nf6 4.Bg2 Be7 5.d4 O-O 6.O-O dxc4 7.Qa4 a6 8.Qxc4 b5
9.Qc2 Bb7 10.Bd2 Ra7 11.Rc1 Be4 12.Qb3 Bd5 13.Qc2 Be4 14.Qb3 Bd5 15.Qd1 Nc6
16.Bf4 Bxf3 17.Bxf3 Nxd4 18.Bg2 c5 19.Nc3 Rd7 20.Qf1 Qb6 21.e4 h6 22.h3 Rfd8
23.Kh2 c4 24.g4 Nh7 25.Bg3 Nc6 26.e5 Nb4 27.Rab1 Rd2 28.Ne4 R2d7 29.f4 Nxa2
30.Re1 Bf8 31.f5 Nb4 32.h4 Nd3 33.Re2 Nc5 34.f6 g6 35.Qg1 Qc7 36.Nd6 Nxf6
37.Bh3 Ne8 38.Nxe8 Rxe8 39.Rf1 Red8 40.Qe3 Rd3 41.Qf4 R8d4 42.Qc1 Nb3 43.Qe1 Rd2
44.Bf4 Rxe2+ 45.Qxe2 Bg7 46.Rf2 Rxf4  0-1

[Event "Moscow Open 2012 A"]
[Site "Moscow RUS"]
[Date "2012.02.02"]
[Round "6.39"]
[White "Krylov,M RUS"]
[Black "Filipenko,A"]
[Result "1-0"]
[WhiteElo "2490"]
[BlackElo "2351"]

1.d4 Nf6 2.c4 e6 3.g3 d5 4.Nf3 Be7 5.Bg2 O-O 6.O-O dxc4 7.Qa4 Qd5 8.Nc3 Qc6
9.Qc2 Qa6 10.e4 Nc6 11.a3 Na5 12.Bg5 h6 13.Bh4 Bd8 14.e5 Nh7 15.Bxd8 Rxd8
16.Rae1 Nb3 17.Re4 b5 18.Rh4 Bb7 19.Ne4 Bxe4 20.Qxe4 c5 21.Qg4 Kf8 22.Qe4 Kg8
23.Qg4 Kf8 24.Qh5 Rac8 25.Rf4 Rc7 26.dxc5 Nxc5 27.g4 Nd3 28.Re4 Kg8 29.g5 Nxg5
30.Nxg5 hxg5 31.Qxg5 Rcd7 32.Rg4 g6 33.Qf6 Rd4 34.Be4 Nxe5 35.Rh4 Nf3+ 36.Bxf3  1-0

[Event "Moscow Open 2012 A"]
[Site "Moscow RUS"]
[Date "2012.02.02"]
[Round "6.55"]
[White "Yandarbiev,R"]
[Black "Chernyuk,Mikhail"]
[Result "0-1"]
[WhiteElo "2391"]
[BlackElo "2224"]

1.c4 e6 2.Nf3 d5 3.g3 Nf6 4.Bg2 Be7 5.d4 O-O 6.cxd5 exd5 7.Nc3 c6 8.O-O Bf5
9.Nh4 Bg4 10.Qc2 Qd7 11.Nf3 Bh3 12.Ne5 Qc8 13.Bf4 Bxg2 14.Kxg2 Nbd7 15.Nd3 Re8
16.f3 Nf8 17.Qb3 Ne6 18.Be3 c5 19.Nxd5 c4 20.Nxe7+ Rxe7 21.Qa3 cxd3 22.Qxd3 Qd7
23.Rad1 Rae8 24.Bc1 Rd8 25.Qa3 Ree8 26.e4 Qb5 27.d5 Nc5 28.Rfe1 Nfd7 29.Be3 a5
30.Bd4 f6 31.Qe3 b6 32.g4 Ne5 33.g5 fxg5 34.Qxg5 Rd6 35.Kh1 Rg6 36.Qe3 Qd7
37.Rg1 Qh3 38.Rxg6 hxg6 39.Bxe5 Rxe5 40.Qe2 Qh5 41.Rd2 g5 42.Rd4 Qf7 43.h3 Nd7
44.Rd3 Nf6 45.Qg2 Qe8 46.Rd2 Qh5 47.Kg1 Qh4 48.Rd1 Qf4 49.Qf2 Re8 50.Kg2 Rc8
51.Qd2 Qe5 52.d6 Nh5 53.Kh1 Nf4 54.d7 Rd8 55.Qd6 Qxb2 56.Rg1 Qf6 57.Qc7 Ne6
58.Qxb6 Rxd7 59.Qb3 Kh8 60.Re1 Rd2 61.Qe3 Qb2  0-1

[Event "34th Tringov Memorial"]
[Site "Plovdiv BUL"]
[Date "2012.02.02"]
[Round "6.23"]
[White "Sofranov,V"]
[Black "Kukov,V"]
[Result "1-0"]
[WhiteElo "2168"]
[BlackElo "2414"]

1.d4 Nf6 2.c4 e6 3.Nf3 d5 4.g3 Be7 5.Bg2 O-O 6.O-O dxc4 7.Qc2 b5 8.a4 b4
9.Nfd2 Nd5 10.Nxc4 Nc6 11.Rd1 b3 12.Qxb3 Ba6 13.Nc3 Rb8 14.Nb5 Ncb4 15.e4 c6
16.exd5 Nxd5 17.Ne5 Qc8 18.Bd2 cxb5 19.Rdc1 Qe8 20.Nc6 Rb6 21.Bxd5 bxa4 22.Nxe7+ Qxe7
23.Qe3 Rxb2 24.Bg2 Bb5 25.d5 Rd8 26.Ba5 Re8 27.Qd4 Rb3 28.d6 Qf6 29.Qxf6 gxf6
30.Bc6 Bxc6 31.Rxc6 Rd3 32.Rxa4 Rb8 33.Rb4  1-0

[Event "ch-TUR 2012"]
[Site "Kemer TUR"]
[Date "2012.02.04"]
[Round "9"]
[White "Dogan,A"]
[Black "Emiroglu,C"]
[Result "1/2-1/2"]
[WhiteElo "2159"]
[BlackElo "2236"]

1.d4 Nf6 2.c4 e6 3.Nf3 d5 4.g3 Be7 5.Bg2 O-O 6.Qc2 a6 7.Bf4 dxc4 8.Qxc4 Bd6
9.Bg5 b5 10.Qc2 Bb7 11.Nbd2 h6 12.Bxf6 Qxf6 13.O-O Nd7 14.Ne5 Bxg2 15.Nxd7 Qg6
16.Qxg6 fxg6 17.Kxg2 Rfd8 18.Nb6 cxb6 19.Nf3 Rac8 20.Rac1 Kf7 21.e4 b4 22.Rfd1 b5
23.Kf1 Rc4 24.Ke2 Rdc8 25.Rxc4 bxc4 26.Rc1 g5 27.Nd2 c3 28.Rc2 Bb8 29.bxc3 bxc3
30.Nb3 Bd6 31.Kd3 Bb4 32.Nc1 Ke7 33.Ne2 Rf8 34.Kc4 a5 35.Nxc3 Rf3 36.Nd1 h5
37.Rb2 Be1 38.Rb7+ Kf8 39.Rb3 Rf6 40.Rb8+ Ke7 41.Rb5 Bxf2 42.Rxg5 g6 43.e5 Rf8
44.Rxg6 Rc8+ 45.Kd3 Bg1 46.Rg7+ Kf8 47.Rh7 Rc1 48.Nc3 Bxh2 49.Rxh5 Bxg3 50.Ne2 Rf1
51.Nxg3 Rf3+ 52.Kc4 Rxg3 53.a4 Ra3 54.Kb5 Rb3+ 55.Kc6 Rb4 56.d5 exd5 57.Kd7 Rb7+
58.Kd6 Rb6+ 59.Kc5 Rb4 60.Kd6 Rb6+ 61.Kd7 Rb7+ 62.Ke6 Rb6+ 63.Kxd5 Rb4 64.Ke6 Rxa4
65.Rh8+ Kg7 66.Ra8 Rb4 67.Ra7+ Kf8 68.Rxa5 Rb6+ 69.Kd7 Rb7+ 70.Kc6 Rb1 71.Ra7 Ke8
72.Kd6 Rb6+ 73.Kc5 Re6 74.Kd5 Rh6 75.Ra8+ Ke7 76.Ra7+ Ke8 77.Ke4 Rg6 78.Kf5 Rb6
79.Rc7 Ra6 80.Rc1 Rb6 81.Ke4 Ra6 82.Rh1 Ke7 83.Kf5 Rb6 84.Ra1 Kf7 85.Rd1 Ke7
86.Rh1 Ra6 87.Rh7+ Ke8 88.Rg7 Kf8 89.Rd7 Ke8 90.Rd5 Ke7 91.Rb5 Ke8 92.Rb7 Rc6
93.Ke4 Rg6 94.Kd5 Ra6 95.Ke4  1/2-1/2

[Event "Moscow Open E 2012"]
[Site "Moscow RUS"]
[Date "2012.02.04"]
[Round "8"]
[White "Batsiashvili,N"]
[Black "Severina,M"]
[Result "1-0"]
[WhiteElo "2426"]
[BlackElo "2185"]

1.d4 d5 2.c4 e6 3.Nf3 Nf6 4.g3 Be7 5.Bg2 O-O 6.O-O Nbd7 7.Nc3 c6 8.Qd3 h6
9.Rd1 Qb6 10.b3 Re8 11.Bb2 Qa5 12.e4 dxe4 13.Nxe4 Nxe4 14.Qxe4 Ba3 15.Bxa3 Qxa3
16.Ne5 Qe7 17.Rd3 Nf6 18.Qf4 Bd7 19.h4 Rad8 20.g4 Nh7 21.g5 f6 22.gxf6 Nxf6
23.Re1 Bc8 24.Ree3 Qc7 25.Bh3 Kh7 26.Qg3 Re7 27.Qg6+ Kg8 28.Rg3 Kh8 29.Rdf3 Rde8
30.Rxf6 gxf6 31.Qxh6+ Rh7 32.Ng6+ Kg8 33.Ne7+  1-0